000
00223nam a2200085 4500
082
_a
BRA
100
_a
Braxton, Victor
245
_a
The Scaft Guidline 1968 Principles for Urban Planning with respect to Road Safety
942
_c
BK
999
_c
9218
_d
9218